Guts And Blackpowder Roscoff Trivia - Statistics

General Stats
  • This quiz has been taken 115 times
  • The average score is 11 of 15
Answer Stats
Hint Answer % Correct
What nation do you first spawn as? United States
100%
What is the final nation you respawn as? French Empire
95%
What nation do you respawn in as the church? United Kingdom
89%
Which NPC is seen as an zombie? Jean
87%
Who is the diplomat that you escort to the ship? William H. Crawford
84%
How do you escape Roscoff? The Ship
81%
What happened to the crew mates in the ship? They become cannibals
80%
What can you do to the NPC above? Kill him
78%
What do you have to put into the pit, then light on fire? (Either one) Roundshot/Canister Shot
78%
What do you use to break down the door? An Anchor
76%
Which NPC is keeping the door shut in the church? The Scared French Soldier
73%
What song is playing in the finale? Summer (The Four Seasons)
65%
Where is Roscoff located? (Region of the country) Brittany
61%
What badge do you get by successfully escaping the map with the diplomat in 1 life? Search and Rescue
49%
What badge do you get by escaping the map in 1 life? Don't Give Up the Ship
48%
No matching quizzes found
Score Distribution
Percent of People with Each Score
Percentile by Number Answered
Your Score History
You have not taken this quiz